University Home | Library Home | Institutional Repository

Ville cruelle / (Record no. 82269)

MARC details
000 -LEADER
fixed length control field 00551cam1a220019300 4500
001 - CONTROL NUMBER
control field tmp15346818
003 - CONTROL NUMBER IDENTIFIER
control field UPRA
005 - DATE AND TIME OF LATEST TRANSACTION
control field 20190816093026.0
008 - FIXED-LENGTH DATA ELEMENTS--GENERAL INFORMATION
fixed length control field 950801q19501959fr fre u
035 ## - SYSTEM CONTROL NUMBER
System control number (Sirsi) r124450
035 ## - SYSTEM CONTROL NUMBER
System control number (UPRA)tmp15346818
040 ## - CATALOGING SOURCE
Transcribing agency UPRA
100 1# - MAIN ENTRY--PERSONAL NAME
Titles and words associated with a name pseud.
Linkage A92568.1
245 10 - TITLE STATEMENT
Title Ville cruelle /
Statement of responsibility, etc. par Eza Boto [pseud.].
260 ## - PUBLICATION, DISTRIBUTION, ETC.
Place of publication, distribution, etc. [Paris :
Name of publisher, distributor, etc. Editions africaines,
Date of publication, distribution, etc. 195-]
949 ## - LOCAL PROCESSING INFORMATION (OCLC)
a PQ3989.B3
w lcc
i -178729
m MAIN
t BOOK
l ON-SHELF
949 ## - LOCAL PROCESSING INFORMATION (OCLC)
a PQ3989.B3
w lcc
i -178730
m MAIN
t BOOK
l ON-SHELF

No items available.

© 2026 - The University of Zambia Library - Koha v25.11